MDQL
is popping MORE tags! Check the
thread
!
Quizzes
Events
Quiz Creation
Community
Videos
Private Events
Remove Ads
Sign In
Join for FREE
Feedback
Dark Mode
Quiz Categories
Sports
Geography
Music
Movies
Television
Just For Fun
Miscellaneous
History
Literature
Language
Science
Gaming
Entertainment
Religion
Holiday
For Kids
Quiz Lab
Recent
Popular Today
Quiz Kudos Today
Editor Picks
Curator Picks
Quizzes by...
Day
Popularity
Type
Ratings
Length
Year
Community
Subscriptions
Recent Discussions
Orange Saloon
Badges
Playlists
Quests
Create
Leaderboards
Showdown
Live 5
Trivia Bingo
Activity
Puzzle Library
Sporcle Events
Private Events
Virtual Trivia
Globe League
Become a Host
Pub Owners
SporcleCon
Opinionation
Our Games
Videos
Blog
Mobile Apps
Partnerships
Remove Ads and Go Orange
Feedback
Sports
Athletes
MLB
NBA
NHL
NFL
Soccer
Sports Teams
WWE
NCAA
Football
Premier League
Basketball
Baseball
Hockey
Golf
Tennis
Cricket
Rugby
Auto Racing
Olympics
World Cup
Sports
Athletes
MLB
NBA
NHL
NFL
Soccer
Sports Teams
WWE
NCAA
Football
Premier League
Basketball
Baseball
Hockey
Golf
Tennis
Cricket
Rugby
Auto Racing
Olympics
World Cup
Random Quiz
Search Sporcle
×
Quiz Lab
Quiz Lab
Sports
NFL
Type in answers that appear in a list
Type in answers that appear in a list
Classic
Best Score? Go Orange.
NFL teams by first names? Stats
Can you name the NFL teams by (common) first names??
By
jasonbaywordbey
6m
32 Questions
132 Plays
132 Plays
132 Plays
Comments
Comments
Give Quiz Kudos
Give Quiz Kudos
-
- Ratings
hide this ad
More Info
Forced Order
Answers have to be entered in order
Answers have to be entered in order
Random Order
Randomize order of answers
Randomize order of answers
Replay
Link that replays current quiz
Next Quiz
Link to next quiz in quiz playlist
You Got
0%
They Got
Avg Score
58%
Avg Friend Score
Upgrade to see
Score Distribution
Jump to the score distribution portion of the page
Score
0/32
Timer
06:00
0
Plays Today
Names
Team
% Correct
Ed, Ray, Joe
Baltimore Ravens
76.5%
Wes, Vince, Tom
New England Patriots
74.2%
Greg, Aaron, Ryan
Green Bay Packers
73.5%
Mike, David, Maurice
Jacksonville Jaguars
70.5%
Jason, Roy, Tony
Dallas Cowboys
69.7%
Kevin, Jared, Brett
Minnesota Vikings
68.9%
Kenny, Randy, Chris
Tennessee Titans
65.2%
Dustin, Mark, Nick
New York Jets
64.4%
Steven, Sam, Chris
St. Louis Rams
64.4%
Chris, Ryan, Albert
Washington Redskins
63.6%
Darren, Jeremy, Lance
New Orleans Saints
63.6%
Tim, Max, Derek
Arizona Cardinals
63.6%
Peyton, Joe, Joshua
Cleveland Browns
62.9%
Tony, Matt, Michael
Atlanta Falcons
62.9%
Michael, Patrick, Alex
San Francisco 49ers
60.6%
Ryan, Fred, Steve
Buffalo Bills
59.1%
Names
Team
% Correct
Jordan, Keith, Chad
Cincinnati Bengals
58.3%
Chad, Chad, Brandon
Miami Dolphins
57.6%
Bob, Joseph, Reggie
Indianapolis Colts
57.6%
Tim, Kyle, Brandon
Denver Broncos
57.6%
Steve, Matt, Jonathan
Carolina Panthers
56.8%
Jason, Michael, Darren
Oakland Raiders
54.5%
Mike, Ben, James
Pittsburgh Steelers
52.3%
Brian, Matt, Jay
Chicago Bears
52.3%
Josh, Mike, Gerald
Tampa Bay Buccaneers
52.3%
Matt, Thomas, Brandon
Kansas City Chiefs
50%
Matt, Nate, Kyle
Detroit Lions
49.2%
Steve, Brandon, Lawrence
New York Giants
45.5%
Kevin, Michael, Jeremy
Philadelphia Eagles
44.7%
Matt, Mike, Justin
Seattle Seahawks
43.9%
Matt, Brian, Kevin
Houston Texans
40.9%
Ryan, Mike, Eric
San Diego Chargers
34.8%
Quiz Playlist
Details
Report
Send in Message
Add To Playlist
More Info:
Again, no obvious and unique names (e.g. DeSean or Eli) and every player is important/high profile...no scrubs here to try and trick you
Classic:
Type in answers that appear in a list
Forced Order:
Answers have to be entered in order
Random Order:
Randomize order of answers
Last Updated: Feb 16, 2017
Quiz Scoreboard
CHALLENGE
Sign Up to Join the Scoreboard
Show All
Scores
Hide
Comments
May contain spoilers
Recently Published
Holiday 10x10 Sorting Gallery
by lukepisani3
Holiday
15m
Two Season TV Shows II
by 123Four
Television
10m
Image Sorting: Flags VI
by Barbecue
Geography
2m
More to Explore
Quiz From the Vault
Featured Blog Post
14 Easter Pick-up Lines to Find Eggs With
hide this ad
You Might Also Like...
Tags
NFL Quiz
common
team
Today's Top Quizzes in Sports
Browse Sports
hide this ad
Today's Top Quizzes in NFL
Browse NFL
Top Contributed Quizzes in Sports
1
Les meilleurs buteurs des matchs entre le PSG et l’OM
2
Les entraîneurs de l'OM et du PSG au 21e siècle
3
2022 World Cup Stars
4
Les joueurs passés par le PSG et l'OM
5
Players with Multiple 50 Home Run Seasons
6
FIFA Club World Cup Champions
7
Criteria MLB: Left Handed Sluggers
8
Les joueurs passés par le LOSC et le RC Lens
9
Top 10 NHL Goal Scorers of All Time
10
NBA Logic Puzzle 2.0
Explore More
Trending Topics
Crossword
Kpop
Marvel
Harry Potter
NBA
Anime
Disney
Country
Pokémon
NFL
WWE
The Office
Puzzle
Song
Soccer
hide this ad
More By:
jasonbaywordbey
Quiz
Plays
Rating
Category
Featured
Created
5-Star TV Villains
34,968
4.23
Television
Jun 19, 2014
5-Star TV Cartoon Villains
18,403
4.17
Television
Jun 26, 2014
NBA Trios/Big Threes
9,473
2.74
Sports
Jul 10, 2010
Jon Snow's Family Relations (if L + R = J)
6,199
4.77
Literature
Apr 14, 2013
50 best active NFL players (ESPN/Scouts)
4,760
3.20
Sports
Aug 25, 2010
Go to Creator's Profile
Score Distribution
Quiz Creator Spotlight
jasonbaywordbey
Follow
Send a Message
Quizzes Created
-
Created Quiz Play Count
-
More By This Creator
Popular Quizzes Today
1
Find the US States - No Outlines Minefield
2
Colored Red Africa Blitz
3
Find the 'City' Movie
4
The Countries of the World
5
5x2 Blitz: Bands
6
Find the Countries of Europe - No Outlines Minefield
7
Find the US States
8
US States
More Sports Quizzes
Draw the Flames Logo
Quiz Lab
Trending Quizzes
Colored Red Europe Blitz I
Colored Red Africa Blitz II
Colored Red Europe Blitz II
Even More Two Season TV Shows
Colored Red Africa Blitz III
Recently Updated
Odd Team Out - Big 4 Players
pecheneg
Quick Pick: 20 Twenties
pecheneg
March Madness Men's Triple Doubles
pecheneg
How Do You Spell That?
pecheneg
Godzilla Movies
pecheneg
Grab Bag: 4-10 Letters
pecheneg
2024 March Madness Bracket
pecheneg
Famous TV Couples
Peacemaker
Champions League XIs: Real Madrid
pecheneg
Largest US Cities 1790-2010
pecheneg
Trending Topics
Anime
Marvel
Crossword
NBA
Harry Potter
Disney
Kpop
WWE
The Office
Puzzle
NFL
Soccer
Pokémon
Country
Song
Your Account Isn't Verified!
In order to create a playlist on Sporcle, you need to verify the email address you used during registration. Go to your
Sporcle Settings
to finish the process.
Report this User
Report this user for behavior that violates our
Community Guidelines
.
Details:
Send Report
Go to the Sporcle.com Mobile Site →
Comments